000 00380 a2200169 4500
001 185575
020 _a978-85-08-08711-2
040 _cMagnum
100 _aAzevedo, Ricardo
240 1 0 _aContos de enganar a morte
_lpor
245 1 0 _aContos de enganar a morte
300 _a61
362 0 _a2009
440 1 _aÁtica
697 _aLITERATURA INFANTO-JUVENIL
942 _cBK
999 _c185575
_d185575